Memoria institucional : los resultados de la acción del INTA.
Guardado en:
| Autor Corporativo: | |
|---|---|
| Formato: | Libro |
| Idioma: | Spanish |
| Publicado: |
Buenos Aires :
INTA,
199?-
|
| Series: | Documentos institucionales,
nros. 40/92, 40/95, 40/97, 40/98 |
| Etiquetas: |
Agregar Etiqueta
Sin Etiquetas, Sea el primero en etiquetar este registro!
|
| LEADER | 00873nam a22001935a 4500 | ||
|---|---|---|---|
| 001 | EEA.libagro006809 | ||
| 005 | 20180920100330.0 | ||
| 008 | 130809s199?####ag#a##########000#0#spa#d | ||
| 082 | 0 | 4 | |a 630.72 |
| 110 | 2 | |a Instituto Nacional de Tecnología Agropecuaria (Argentina) | |
| 245 | 1 | 0 | |a Memoria institucional : |b los resultados de la acción del INTA. |
| 260 | |a Buenos Aires : |b INTA, |c 199?- | ||
| 300 | |a v. : |b il. ; |c 28 cm. | ||
| 490 | 1 | |a Documentos institucionales, |x 0328-7483 ; |v nros. 40/92, 40/95, 40/97, 40/98 | |
| 500 | |a La biblioteca posee: 1992, 1995, 1997, 1998. | ||
| 859 | |a AR-BbBCA |b BIB. AGRONOMIA |h 630.72 |i A691-1 |p 1996/2541 |v 1992 |3 1992 | ||
| 859 | |a AR-BbBCA |b BIB. AGRONOMIA |h 630.72 |i A691-1 |p 1997/3029 |v 1995 |3 1995 | ||
| 859 | |a AR-BbBCA |b BIB. AGRONOMIA |h 630.72 |i A691-1 |p 2001/4175 |v 1997 |3 1997 | ||
| 859 | |a AR-BbBCA |b BIB. AGRONOMIA |h 630.72 |i A691-1 |p 2000/3972 |v 1998 |3 1998 | ||
